Médecine et environnement dans l'Alexandrie médiévale : Edition et Traduction de la Risala Fi Tab' Al-Iskandariyya d'Ibn Gumay' Al-Isra'ili (M. 594/1198) /

محفوظ في:

المؤلف الرئيسي: Jean-Charles Ducène

التنسيق: كتاب

اللغة: French

منشور في: Cairo : Institut français d'archéologie orientale, 2025.

سلاسل: CAI ; 37

الموضوعات:

الوسوم: إضافة وسم

لا توجد وسوم, كن أول من يضع وسما على هذه التسجيلة!

رقم الطلب: DS41 .C24 v.37

LEADER 00865nam a22002177a 4500
003 OSt
005 20260428131933.0
008 260428t2025||||ua |||||||||| ||fre||
020 |a 9782724711257 
050 1 4 |a DS41  |b .C24 v.37 
100 0 |a Jean-Charles Ducène 
245 1 0 |a Médecine et environnement dans l'Alexandrie médiévale :   |c Jean-Charles Ducène  |b Edition et Traduction de la Risala Fi Tab' Al-Iskandariyya d'Ibn Gumay' Al-Isra'ili (M. 594/1198) /  
264 1 |a Cairo :  |b Institut français d'archéologie orientale,  |c 2025. 
300 |a 129 pages :  |c 28 cm. 
490 0 |a CAI ;  |v 37 
500 |a Includes bibliographical references (page [117]-129) and index. 
650 4 |a Arab 
650 4 |a édition et traduction de la Risāla fi ṭabʻ al-Iskandariyya d'Ibn Gumayʻ al-Isrāʼīlī (m. 594-1198) 
650 4 |a Medicine 
942 |2 lcc  |c BK 
999 |c 61903  |d 61903